Shifa e kamil batareef haqooq e Mustafa (Record no. 71093)

000 -LEADER
fixed length control field 00467nam a22001697a 4500
003 - CONTROL NUMBER IDENTIFIER
control field NUST - PNEC
005 - DATE AND TIME OF LATEST TRANSACTION
control field 20170116181154.0
008 - FIXED-LENGTH DATA ELEMENTS--GENERAL INFORMATION
fixed length control field 160105b xxu||||| |||| 00| 0 eng d
020 ## - INTERNATIONAL STANDARD BOOK NUMBER
International Standard Book Number -
040 ## - CATALOGING SOURCE
Transcribing agency LIBRARY
082 ## - DEWEY DECIMAL CLASSIFICATION NUMBER
Classification number 297.63 GHU
100 ## - MAIN ENTRY--PERSONAL NAME
9 (RLIN) 15706
Personal name Ghulam Mohiuddin Naeemi
245 ## - TITLE STATEMENT
Title Shifa e kamil batareef haqooq e Mustafa
Statement of responsibility, etc. Hazrat Syed Mufti Ghulam Mohiuddin Naeemi
260 ## - PUBLICATION, DISTRIBUTION, ETC.
Place of publication, distribution, etc. Faisalabad:
650 ## - SUBJECT ADDED ENTRY--TOPICAL TERM
9 (RLIN) 15707
Topical term or geographic name entry element Islam
General subdivision General
942 ## - ADDED ENTRY ELEMENTS (KOHA)
Source of classification or shelving scheme
Koha item type Book
Holdings
Withdrawn status Lost status Source of classification or shelving scheme Damaged status Not for loan Permanent Location Current Location Shelving location Date acquired Total Checkouts Full call number Barcode Date last seen Price effective from Koha item type
          Pakistan Navy Engineering College (PNEC) Pakistan Navy Engineering College (PNEC)       297.63 GHU PNECLIB-032367 01/05/2016   Book
© 2023 Central Library, National University of Sciences and Technology. All Rights Reserved.